[Event "Mediterranean op 6th"]
[Site "Rijeka"]
[Date "2013.12.02"]
[Round "4"]
[White "Juranic, Vladimir"]
[Black "Batory, Lucija"]
[Result "1-0"]
[WhiteElo "1809"]
[BlackElo "1600"]
[PlyCount "87"]
[EventDate "2013.11.30"]
[EventType "swiss"]
[EventRounds "9"]
[EventCountry "CRO"]
[SourceTitle "CBM 157 Extra"]
[Source "ChessBase"]
[SourceDate "2013.12.19"]
[SourceVersion "1"]
[SourceVersionDate "2013.12.19"]
[SourceQuality "1"]

1. Nf3 Nf6 2. c4 e6 3. d4 d5 4. Nc3 c6 5. b3 Nbd7 6. Qc2 b6 7. g3 Bd6 8. Bg2 0-0 9. 0-0 Ba6 10. Nd2 Rc8 11. Re1 Ng4 12. h3 Nh6 13. e4 dxe4 14. Ndxe4 Nf5 15. Nxd6 Nxd6 16. Ba3 c5 17. Rad1 Qc7 18. dxc5 bxc5 19. Bc1 Ne8 20. Bf4 e5 21. Nd5 Qd6 22. Bg5 Qe6 23. Ne7+ Kh8 24. Bd5 Qxh3 25. Re4 Ndf6 26. Rh4 Qd7 27. Nxc8 Qxc8 28. Be4 g6 29. Qe2 Qe6 30. Rd8 Kg8 31. Bh6 Ng7 32. Rxf8+ Kxf8 33. Qe3 Qe7 34. Bg5 h5 35. Qf3 Nge8 36. Bc6 Qe6 37. Bxe8 Nxe8 38. Qa8 Qd7 39. Qd8 Qe6 40. Bh6+ Kg8 41. Be3 Qc6 42. Qd5 Qf6 43. Bxc5 Kg7 44. Re4 1-0